Cities in Benelux - Sudden Death - Statistics

General Stats
  • This quiz has been taken 109 times
  • The average score is 12 of 14
Answers on the Grid
Answers color-coded by a green-red scale on the quiz's grid according to % correct below.
Alkmaar
Amsterdam
Antwerp
Breda
Bruges
Brussels
Dresden
Eindhoven
Geneva
Ghent
Gothenburg
Groningen
Innsbruck
Liège
Limoges
Liverpool
Luxembourg
Malmö
Montpellier
Nantes
Rotterdam
Strasbourg
Stuttgart
The Hague
Utrecht
Vilnius
Wiesbaden
Zurich
 
Answer Stats
Answer % Correct
Antwerp
100%
Amsterdam
96%
Brussels
96%
Bruges
91%
Ghent
91%
Luxembourg
91%
Liège
87%
Rotterdam
87%
The Hague
87%
Utrecht
87%
Alkmaar
83%
Eindhoven
83%
Groningen
83%
Breda
74%
No matching quizzes found
Score Distribution
Percent of People with Each Score
Percentile by Number Answered
Your Score History
You have not taken this quiz